000 00678nam a22002297a 4500
005 20140707145609.0
008 140702b xxu||||| |||| 00| 0 eng d
020 _a9788175222250(Set)
_c350.00
040 _aLoreto College
041 _aBengali
082 _aTAG/891.44
_bMUK
100 _aMukhopadhyay, Pravat Kumar
245 _aRabindrajibani o Rabindra sahitya prabeshak
_cPravat Kumar Mukhopadhyay
250 _a3th ed.
260 _aKolkata
_bViswa Bharati
_c2004
300 _a332p./ Vol.IV
_b24cm.
504 _aIncludes index
600 _aTagore,Rabindra Nath
650 _aRabindra Nath,Tagore-Criticism and interpretation
850 _aLCLIB
942 _cBK
999 _c39319
_d89798